000 00730nam a22001937a 4500
999 _c13708
_d13708
003 AR-CdUCM
008 190416b ||||| |||| 00| 0 spa d
040 _aMUNICIPALIDAD PROVINCIAL DEL CUSCO
_cBIBLIOTECA MUNICIPAL DEL CUSCO
082 _a338 /
_bC32
110 _aCOPESCO.
_932207
245 _aUn caso de desarrollo Regional en función del Turismo /
260 _aPerú :
_bCOPESCO.
300 _a35 páginas ;
_bmapas plegables,
_c27 cm.
505 _aContenido: Turismo y Economía -- Desarrollo Regional y Nacional -- Plan Copesco -- Descripción de la zona -- Bases para una estrategia por sectores ...
650 _aDesarrollo
_92021
710 _aCOPESCO.
_932207
942 _2ddc
_cLIBROS
945 _aachl
_d2019-04-16